Função da Arquitectura Moderna (Record no. 2346)

MARC details
000 -Etiqueta do registo
Campo de controlo de comprimento fixo 00349 a2200145 4500
020 ## - ISBN (NÚMERO DE LIVRO PADRÃO INTERNACIONAL)
ISBN 84-401-0209-7
040 ## - Fonte de Catalogação
Agência de catalogação Biblioteca de Posgraduação- Universidade Lusíada de Angola
082 ## - DEWEY DECIMAL CLASSIFICATION NUMBER
Número de classificação 72
Classificador- CDU 72
100 ## - Nome Pessoal
9 (RLIN) 1173
Autor ALEXANDRE,Chritopher
245 ## - Declaração de Título
Título Funȯ̂ da Arquitectura Moderna
260 ## - Publicação e Destribuíção
Local de edição/distribuição Brasil ,
Editor/distribuidor Biblioteca salvat
Data de edição/distribuição 1979.
300 ## - Descrição Física
Nº Pág. 141p
650 ## - MATERIA
MATERIA Arquitectura
942 ## - - Elementos de entrada adicionados (koha)
Tipo de documento Livros
Holdings
Withdrawn status Lost status Source of classification or shelving scheme Damaged status Not for loan Permanent Location Current Location Date acquired Inventory number Total Checkouts Full call number Barcode Date last seen Price effective from Koha item type
    Dewey Decimal Classification     Biblioteca Geral- Universidade Lusíada de Angola Biblioteca Geral- Universidade Lusíada de Angola 03/06/2026 14(1)   72 2026-0202 03/06/2026 03/06/2026 Livros